000 01544nam a2200313 4500
003 CO-CtgCURN
005 20250329165428.0
008 160531s2004 000 0 eng d
040 _aCO-CtgCURN
_bspa
_ccoctgcurn
082 0 _aENF 2004
_bB423
245 0 0 _aEstrategias de atencion de enfermeria en salud sexual y reproductiva para mejorar la calidad de vida en el adulto joven con paraplejia parcial y total asociados a la Cooperativa de Discapacitados de Bolívar. Cartagena, 2004 /
_cLina Matilde Bejarano Amell ... [et al.].
260 _aCartagena de Indias :
_bCorporación Universitaria Rafael Núñez,
_c2004.
300 _a132 h.
336 _2rdacontent
337 _2rdamedia
_asin mediacion
_bn
338 _2rdacarrier
_avolumen
_bnc
500 _aIncluye anexos.
502 _aTrabajo de grado (Enfermera (o)). Corporación Universitaria Rafael Nuñez. Facultad de Ciencias de la Salud. Programa de Enfermeria, 2004.
504 _aIncluye bibliografia.
590 _aEnfemeria
650 0 _aEnfermeria
_vTesis y disertaciones academicas.
700 1 _aBejarano Amell, Lina Matilde.
700 1 _aLondoño Hio, Betty Cecilia.
700 1 _aMorales Bermudez, Sindy Paola.
700 1 _aQuiroz Figueroa, Liz Lorena.
856 7 _uhttps://unicurn.sharepoint.com/:b:/s/biblioteca/EcQbaAWOmSZMo5JQfynvXMwBXBinKL65Vt_h5z_mLAy3pw?e=eOVicE
_zClick aqui para ver el recurso en texto completo
942 _hENF 2004
_iB423
_2ddc
_cTG
999 _c3664
_d3664